000 00223 a2200097 4500
001 34714
100 _aDr Weston T
245 _aFirst Aid & Family Health
260 _aLondon
_bMarshell Cavandish
_c
090 _c22996
_d22996
942 _aNUST-CAE
_c14442
_cM
999 _c269787
_d269787